[Event "SVK-ch U12 Girls"]
[Site "Liptovsky Mikulas"]
[Date "2016.04.22"]
[Round "8"]
[White "Krahulcova, Martina"]
[Black "Motyciakova, Paula"]
[Result "1-0"]
[WhiteElo "1000"]
[BlackElo "1000"]
[PlyCount "131"]
[EventDate "2016.04.16"]
[EventType "swiss"]
[EventRounds "9"]
[EventCountry "SVK"]
[SourceTitle "CBM 172 Extra"]
[Source "ChessBase"]
[SourceDate "2016.06.21"]
[SourceVersion "1"]
[SourceVersionDate "2016.06.21"]
[SourceQuality "1"]

1. e4 e5 2. Nf3 Nc6 3. Bc4 Bc5 4. d3 Nf6 5. Ng5 0-0 6. Nc3 d6 7. Nf3 Bg4 8. Bg5 Bxf3 9. Qxf3 Nd4 10. Qd1 h6 11. Be3 Nc6 12. 0-0 Bd4 13. Bxd4 Nxd4 14. Nd5 Nxd5 15. Bxd5 c6 16. Bb3 d5 17. f4 exf4 18. exd5 cxd5 19. Rxf4 Ne6 20. Rf5 Nd4 21. Rxd5 Qf6 22. Qf1 Rad8 23. Qxf6 gxf6 24. c3 Ne2+ 25. Kf2 Nf4 26. Rxd8 Rxd8 27. Bc4 Nxd3+ 28. Bxd3 Rxd3 29. Re1 Rd2+ 30. Re2 Rxe2+ 31. Kxe2 f5 32. b4 a6 33. a4 f4 34. Kf3 Kg7 35. Kxf4 Kg6 36. c4 f5 37. a5 h5 38. b5 Kf6 39. bxa6 bxa6 40. Ke3 Ke5 41. Kd3 h4 42. g3 h3 43. Ke3 Kd6 44. Kf3 Kc5 45. g4 fxg4+ 46. Kxg4 Kxc4 47. Kxh3 Kb4 48. Kg4 Kxa5 49. h4 Kb5 50. h5 a5 51. h6 a4 52. h7 a3 53. h8Q Kb4 54. Qa1 Kb3 55. Kf3 a2 56. Ke2 Ka3 57. Kd2 Kb3 58. Kc1 Ka3 59. Kc2 Kb4 60. Qxa2 Kc5 61. Qe6 Kb4 62. Qc6 Ka5 63. Qb7 Ka4 64. Kc3 Ka5 65. Kc4 Ka4 66. Qb4# 1-0